=LDR 00000nam 2200000 4500 =001 NUTBA000000000005860 =005 20141112090241.0 =006 =007 =008 =020 ##$$a 9799417767 =035 ##$$a 0010-111400000000339 =040 ##$$a NBPDMAT =082 ##$$a 372.35 =090 ##$$a 372.35 $b Ari b =100 ##$$a Arika Putri =245 ##$$a Bermain dengan sains / $c Afrika Putri , Nisa Kamila =250 ##$$a Cet.3 =260 ##$$a Surabaya : $b Insan Cendekia, $c 2012 =300 ##$$a iv, 52 hlm. : $b ilus. ; $c 29 cm. =500 ##$$a Bibliografi : hlm. 52 =650 ##$$a Sains - SD =700 ##$$a Nisa Kamila =850 ##$$a NBPDMAT